Statistiques concernant Chanteurs coach dans The Voice

Cliquez ici pour prendre le quiz!

Statistiques générales

  • Ce quiz a été pris 1 341 fois
    (960 depuis la dernière actualisation)
  • Le résultat moyen est 13 sur 19

Statistiques - réponses

SaisonsKidsCoach% Correct
1-4, 8, AS1-7Jenifer
96%
1-7, 10, AS-Florent Pagny
93%
4-7, 12, AS-Zazie
90%
3-8, AS-Mika
88%
9-125,6Amel Bent
82%
1-3, 51Garou
80%
AS2-8Patrick Fiori
78%
10-12-Vianney
73%
1,21,2Louis Bertignac
70%
-7,8Kendji Girac
67%
85-7Soprano
67%
12-Bigflo et Oli
64%
63,4Matt Pokora
62%
7, 9-Pascal Obispo
58%
-8Louane
57%
9, 10-Marc Lavoine
50%
9-Lara Fabian
39%
8-Julien Clerc
37%
-8Julien Doré
37%

Distribution des résultats

Percentile par nombre de réponses

% des personnes avec chaque résultat

Votre développement - résultats

Vous n’avez pas pris ce quiz depuis la dernière actualisation